|
|
|
|
| LEADER |
00000naa2a2200000 4500 |
| 001 |
383249 |
| 005 |
20231101063108.0 |
| 035 |
|
|
|a (RuTPU)RU\TPU\prd\8700
|
| 090 |
|
|
|a 383249
|
| 100 |
|
|
|a 20021126a2002 k y0rusy50 ca
|
| 101 |
0 |
|
|a rus
|
| 102 |
|
|
|a RU
|
| 200 |
1 |
|
|a "Дней Александровых прекрасное начало". Первое десятилетие XIX в.
|
| 225 |
1 |
|
|a История образования
|
| 300 |
|
|
|a Высшее образование в документах: Журнал в журнале
|
| 461 |
|
1 |
|0 (RuTPU)RU\TPU\prd\1307
|x 1726-667X
|t Высшее образование сегодня
|o научно-практический журнал
|d 2001-
|
| 463 |
|
1 |
|0 (RuTPU)RU\TPU\prd\4444
|t № 4
|v С. 54-58
|d 2002
|
| 600 |
|
0 |
|a Александр
|d I
|f 1777-1825
|c российский император с 1801 г.
|c из династии Романовых
|2 stltpui
|3 (RuTPU)RU\TPU\pers\8
|
| 600 |
|
1 |
|a Заводовский
|b П. В.
|
| 600 |
|
1 |
|a Муравьев
|g Михаил Никитич
|b М. Н.
|c русский писатель
|c поэт
|c государственный деятель
|f 1757 - 1807
|2 stltpui
|3 (RuTPU)RU\TPU\pers\157
|
| 600 |
|
1 |
|a Мерзляков
|b А. Ф.
|c русский поэт
|c переводчик
|f 1778 - 1830
|g Алексей Федорович
|c критик
|2 stltpush
|3 (RuTPU)RU\TPU\pers\11914
|
| 600 |
|
1 |
|a Демидов
|b П. Г.
|f 1738-1821
|g Павел Григорьевич
|c российский дворянин
|c ученый-естествоиспытатель
|c металлург
|c путешественник
|2 stltpush
|3 (RuTPU)RU\TPU\pers\4497
|
| 600 |
|
1 |
|a Оленин
|b А. Н.
|
| 610 |
1 |
|
|a Россия
|
| 610 |
1 |
|
|a образование
|
| 610 |
1 |
|
|a 19 век
|
| 801 |
|
1 |
|a RU
|b 63413507
|c 20021126
|g PSBO
|
| 801 |
|
2 |
|a RU
|b 63413507
|c 20140728
|g PSBO
|
| 942 |
|
|
|c BK
|